000
00267nam a2200121Ia 4500
008
241002s9999 xx 000 0 und d
082
_a
951.9042 CAR
100
_a
Carew,Tim
245
4
_a
The Korean War
260
_a
London:
_c
1967
600
_a
History
942
_c
UC
999
_c
18583
_d
18583